000 00950nam a22002297a 4500
005 20250417150904.0
008 250417b |||||||| |||| 00| 0 eng d
020 _a978-81-7770-219-4 (hbk)
037 _cTB
040 _aCRL
_cCRL
041 _2pun
_apun
084 _aQ8441 153Q8
_qCRL
100 _aਸਿੰਘ, ਜੋਗਿੰਡੇਰ
245 _aਨਾਮਧਾਰੀ ਸਿੱਖਾਂ ਦੇ ਰਾਸ਼ਟਰੀ ਸਰੋਕਾਰ ਵਿਚਾਰ ਅਤੇ ਰਾਜਨੀਤੀ
260 _aਅੰਮ੍ਰਿਤਸਰ, ਭਾਰਤ:
_bਗੁਰੂ ਨਾਨਕ ਦੇਵ ਯੂਨੀਵਰਸਿਟੀ,
_c2018.
300 _a258 ਪ.
365 _b450.00
_cINR
650 _aਧਰਮ
650 _aਸਿੱਖ ਧਰਮ
_9156314
942 _2CC
_cTB
_hQ8441 153Q8
_n0
999 _c1309128
_d1309128